Stanovenie arzénu v odpadových vodách prietokovou coulometriou Diplomová práca

Gespeichert in:
Bibliographische Detailangaben
1. Verfasser: Machyňák, Ľubomír
Format: Buch
Sprache:Slowakisch
Veröffentlicht: Bratislava STU FCHPT 2013
Online-Zugang:Im OPAC anzeigen
Tags: Tag hinzufügen
Keine Tags, Fügen Sie das erste Tag hinzu!

MARC

LEADER 00000nam a2200000 a 4500
005 20260127134304.0
008 130703 2013 000 0 slo d
035 |a vtls010524853 
039 9 |a 201307031425  |b mschk03  |y 201307030847  |z mschk03 
040 |a STUSCHK1  |b slo  |c STUSCHK1  |e AACR2 
100 1 |a Machyňák, Ľubomír 
245 1 |a Stanovenie arzénu v odpadových vodách prietokovou coulometriou  |b Diplomová práca  |c Ľubomír Machyňák 
260 |a Bratislava  |b STU FCHPT  |c 2013 
300 |a 47 s.  |b ill., tab.  |c 30 cm 
500 |a Špec.: Analytická chémia 
500 |a Evidenčné číslo: FCHPT -5459-58199 
500 |a Miesto vypracovania: Oddelenie analytickej chémie, FCHPT STU 
500 |a Obhájené: 10.06.2013 
910 |a SCHK95 
999 |c 8861  |d 8861